000 00770nam a22002537a 4500
001 BR7400846
003 BR-BrBNA
005 20230928084532.0
007 ta
008 230509b bl.||||| |||| 00| 0 por d
040 _aBR-BrBNA
_bpor
_cBiblioteca Nacional de Agricultura
041 _a(Por)
072 _aE10
_b0230
_b/G514
090 _ 0230 BR7400846
110 1 _aInstituto do Acucar e do Alcool, Rio de Janeiro, GB (Brasil)
_96295
245 1 _aO Instituto do Acucar e do Alcool e a Usina Junqueira [Brasil]
260 3 _aRio de Janeiro, GB (Brasil):
_c1944.
300 _a50 p.
500 _aReprint of "Brasil Acucareiro" Jul, Aug 1944
650 _aUSINA ACUCAREIRA
650 _aCANA DE ACUCAR
909 _a202309
_bLucia
_c55
_dLucia Elande
942 _cBK
999 _c19594
_d19594